| 000 | 00487nam a2200181Ia 4500 | ||
|---|---|---|---|
| 003 | OSt | ||
| 005 | 20220420110345.0 | ||
| 008 | 211109s9999||||xx |||||||||||||| ||und|| | ||
| 040 | _csbcl | ||
| 082 |
_a570 _bRAM-B |
||
| 100 | _aRama Das, V.S | ||
| 245 | 0 | _aBiology A Text Book for Senior Secondary Schools | |
| 260 |
_bUnknown Publisher _aNo Place _c2000 |
||
| 300 | _a407p. | ||
| 630 | _xGeneral Stack | ||
| 650 |
_aLife sciences; biology _vNatural sciences & mathematics |
||
| 942 | _cBOOK | ||
| 999 |
_c169 _d169 |
||